一首詩的誕生
| 資料類型: | 圖書 | 書目號: | 56483 |
Leader xxxxxxxxxx 001 __ PCLIS00056483 005 __ 20230430200650.0 010 0_ |a978-986-450-041-3|b平裝|dNT$240 100 __ |a20230426d2016 m y0chiy09 e 101 0_ |achi 102 __ |atw 105 __ |aak z 000yy 200 1_ |a一首詩的誕生|e|f白靈著 205 __ |a增訂3版 210 __ |a臺北市|c九歌|d2016[民105] 215 0_ |a192面|c圖,表格|d21公分 225 2_ |a九歌文庫|v1214 300 __ |a 410 _0 |12001 |a九歌文庫|v1214 606 __ |2cst|a新詩 606 __ |2cst|a寫作法 606 __ |2cst|a詩評 681 __ |a821.1|b864 700 _1 |a白|b靈|4著 702 __ |a|b|4 801 _0 |atw|b內湖高中|c20230426|gCCR |